Konateľa nemožno robiť na plnú moc

Zákon č. 500/2001 Z.z. nadobudol účinnosť 1. januára 2002. Podľa neho má štatutárny orgán spoločnosti (s.r.o.) jasne vymedzené práva a povinnosti. Eseročka a štatutár. Plná moc na konateľa. Zmluva o výkone funkcie. Konateľské oprávnenie už v sebe nesie aj značné riziko pre osobu samého štatutára.

Gespeichert in:
Bibliographische Detailangaben
1. Verfasser: Gürtler, Vladimír
Format: Buchkapitel
Sprache:Slowakisch
Schlagworte:
Tags: Tag hinzufügen
Keine Tags, Fügen Sie das erste Tag hinzu!

MARC

LEADER 00000naa a2200000 4500
001 r047532
005 20230921114733.1
041 0 |a slo 
044 |a SK 
245 1 0 |a Konateľa nemožno robiť na plnú moc  |c Vladimír Gürtler 
520 |a Zákon č. 500/2001 Z.z. nadobudol účinnosť 1. januára 2002. Podľa neho má štatutárny orgán spoločnosti (s.r.o.) jasne vymedzené práva a povinnosti. Eseročka a štatutár. Plná moc na konateľa. Zmluva o výkone funkcie. Konateľské oprávnenie už v sebe nesie aj značné riziko pre osobu samého štatutára. 
610 2 0 |a spoločnosti s r.o. 
610 2 0 |a štatúty 
610 2 0 |a orgány štatutárne 
610 2 0 |a konatelia 
610 2 0 |a zmluvy 
610 2 0 |a zákony 
610 2 0 |a Slovensko 
100 1 |a Gürtler, Vladimír